000 00366nam a2200145Ia 4500
008 240624s9999 xx 000 0 und d
041 _aeng
082 _a658.15224 ROS
100 _aROSS STEPHEN A
245 _aCORPORATE FINANCE
250 _a(10th ed.)
260 _c2015
_aNew Delhi
_bTata McGrawhill
300 _axxxiii, : 1119p. : cm. ; 26
365 _cRS
_b33
999 _c24688
_d24688